5HLuxD.jpg

KING HENRY VIII SENIOR AND PRIMARY SCHOOL LIBRARY OPAC

The Simpsons and their mathematical secrets / (Record no. 3678)

000 -LEADER
fixed length control field 02527cam a22003618i 4500
001 - CONTROL NUMBER
control field 17777827
003 - CONTROL NUMBER IDENTIFIER
control field OSt
005 - DATE AND TIME OF LATEST TRANSACTION
control field 20240515115627.0
008 - FIXED-LENGTH DATA ELEMENTS--GENERAL INFORMATION
fixed length control field 130614s2013 nyua b 001 0 eng
010 ## - LIBRARY OF CONGRESS CONTROL NUMBER
LC control number 2013020884
020 ## - INTERNATIONAL STANDARD BOOK NUMBER
International Standard Book Number 9781620402771 (hardback)
040 ## - CATALOGING SOURCE
Original cataloging agency DLC
Language of cataloging eng
Transcribing agency DLC
Description conventions rda
Modifying agency DLC
-- KH8
042 ## - AUTHENTICATION CODE
Authentication code pcc
082 00 - DEWEY DECIMAL CLASSIFICATION NUMBER
Classification number 510 SIN
Edition number 23
084 ## - OTHER CLASSIFICATION NUMBER
Classification number MAT000000
-- SOC022000
-- ART023000
Number source bisacsh
100 1# - MAIN ENTRY--PERSONAL NAME
Personal name Singh, Simon,
Relator term author.
245 14 - TITLE STATEMENT
Title The Simpsons and their mathematical secrets /
Statement of responsibility, etc. Simon Singh.
250 ## - EDITION STATEMENT
Edition statement First U.S. Edition.
264 #1 - PRODUCTION, PUBLICATION, DISTRIBUTION, MANUFACTURE, AND COPYRIGHT NOTICE
Place of production, publication, distribution, manufacture New York :
Name of producer, publisher, distributor, manufacturer Bloomsbury,
Date of production, publication, distribution, manufacture, or copyright notice [2013]
300 ## - PHYSICAL DESCRIPTION
Extent viii, 253 pages :
Other physical details illustrations ;
Dimensions 25 cm
336 ## - CONTENT TYPE
Content type term text
Source rdacontent
337 ## - MEDIA TYPE
Media type term unmediated
Source rdamedia
338 ## - CARRIER TYPE
Carrier type term volume
Source rdacarrier
504 ## - BIBLIOGRAPHY, ETC. NOTE
Bibliography, etc. note Includes bibliographical references and index.
520 ## - SUMMARY, ETC.
Summary, etc. "Simon Singh, author of the bestsellers Fermat's Enigma, The Code Book, and The Big Bang, offers fascinating new insights into the celebrated television series The Simpsons: That the show drip-feeds morsels of number theory into the minds of its viewers--indeed, that there are so many mathematical references in the show, and in its sister program, Futurama, that they could form the basis of an entire university course. Recounting memorable episodes from "Bart the Genius" to "Homer3," Singh brings alive intriguing and meaningful mathematical concepts--ranging from the mathematics of pi and the paradox of infinity to the origin of numbers and the most profound outstanding problems that haunt today's generation of mathematicians. In the process, he illuminates key moments in the history of mathematics, and introduces us to The Simpsons' brilliant writing team--the likes of David X. Cohen, Al Jean, Jeff Westbrook, and Stewart Burns, all of whom have various advanced degrees in mathematics, physics, and other sciences. Based on interviews with the writers of The Simpsons and replete with images from the shows, facsimiles of scripts, paintings and drawings, and other imagery, The Simpsons and Their Mathematical Secrets will give anyone who reads it an entirely new insight into the most successful show in television history"--
Assigning source Provided by publisher.
630 00 - SUBJECT ADDED ENTRY--UNIFORM TITLE
Uniform title Simpsons (Television program)
Form subdivision Miscellanea.
650 #0 - SUBJECT ADDED ENTRY--TOPICAL TERM
Topical term or geographic name entry element Mathematics
Form subdivision Miscellanea.
650 #0 - SUBJECT ADDED ENTRY--TOPICAL TERM
Topical term or geographic name entry element Mathematics on television.
650 #7 - SUBJECT ADDED ENTRY--TOPICAL TERM
Topical term or geographic name entry element MATHEMATICS / General.
Source of heading or term bisacsh
650 #7 - SUBJECT ADDED ENTRY--TOPICAL TERM
Topical term or geographic name entry element SOCIAL SCIENCE / Popular Culture.
Source of heading or term bisacsh
650 #7 - SUBJECT ADDED ENTRY--TOPICAL TERM
Topical term or geographic name entry element ART / Popular Culture.
Source of heading or term bisacsh
942 ## - ADDED ENTRY ELEMENTS (KOHA)
Source of classification or shelving scheme
Koha item type Books - Non Ficton
Holdings
Withdrawn status Lost status Source of classification or shelving scheme Damaged status Not for loan Collection code Permanent Location Current Location Shelving location Date acquired Total Checkouts Full call number Barcode Date last seen Date last checked out Price effective from Koha item type
          Non-Fiction KH8 Senior School Library KH8 Senior School Library Non Fiction 2024-05-15 1 510 SIN 3KHSL000101189 2024-07-24 2024-05-15 2024-05-15 Books - Non Ficton

Powered By KH8 IT Dept